000 00638cab a2200217 4500
001 WB3511-44
008 090401t1999 xxu||||| |||| 00| 0 eng d
035 _a(Sirsi) u92183
041 _aeng
245 _aEuro deal gives hope for arable farmers
260 _c1999
350 _a0
490 _aScotsman
_v17 March 1999, 30(1)
520 _aThe Home-Grown Cereals Authority believe that the European farm policy deal will improve conditions for arable farmers.
650 _aARABLE FARMERS
650 _aCAP REFORM
650 _aHOME-GROWN CEREALS AUTHORITY
690 _aRURAL PRACTICE
942 _n0
948 _c17/03/1999
999 _c58446
_d58446